[Event "AUT-chT District U18 Online Rapid"]
[Site "Playchess.com INT"]
[Date "2020.12.12"]
[Round "6"]
[White "Rabitsch, David"]
[Black "Ernst, Robert"]
[Result "0-1"]
[WhiteElo "1493"]
[BlackElo "1591"]
[PlyCount "143"]
[EventDate "2020.12.12"]
[EventType "team-swiss (rapid)"]
[EventRounds "9"]
[EventCountry "AUT"]
[SourceTitle "EXT 2022"]
[Source "ChessBase"]
[SourceDate "2021.10.06"]
[SourceVersion "1"]
[SourceVersionDate "2021.10.06"]
[SourceQuality "1"]

1. e4 e5 2. Nf3 Nc6 3. Nc3 Nf6 4. Bb5 Bb4 5. 0-0 d6 6. d3 0-0 7. Bg5 Be6 8. Qd2 Nd4 9. Bc4 Bxc4 10. dxc4 Bxc3 11. bxc3 Ne6 12. Bh4 Nxe4 13. Qd3 Nf6 14. Rab1 Nc5 15. Qd2 Qe7 16. Rfe1 Qe6 17. Bxf6 Qxf6 18. Qe3 Qe6 19. Nd2 Qd7 20. Red1 b6 21. Nb3 Nxb3 22. cxb3 f5 23. Qxe5 Rae8 24. Qd5+ Kh8 25. Re1 f4 26. Qd2 f3 27. gxf3 Rxf3 28. Rxe8+ Qxe8 29. Re1 Qf7 30. Qe2 h6 31. Qc2 Kg8 32. Re3 Rf5 33. Re8+ Qxe8 34. Qxf5 Qe7 35. Qd5+ Kh7 36. Qd3+ g6 37. Qe3 Qg5+ 38. Qxg5 hxg5 39. Kg2 Kg7 40. Kf3 Kf6 41. Ke3 Ke5 42. f3 c6 43. Kd3 Kf4 44. Ke2 g4 45. fxg4 Kxg4 46. Kf2 Kh3 47. Kg1 g5 48. Kh1 g4 49. Kg1 g3 50. hxg3 Kxg3 51. Kf1 Kf3 52. Ke1 Ke3 53. Kd1 Kd3 54. Kc1 Kxc3 55. Kb1 d5 56. cxd5 cxd5 57. Kc1 d4 58. Kb1 d3 59. Kc1 d2+ 60. Kd1 Kb2 61. Kxd2 Kxa2 62. Kc3 a5 63. Kc4 Ka3 64. Kc3 b5 65. Kc2 b4 66. Kb1 Kxb3 67. Ka1 a4 68. Kb1 Kc3 69. Kc1 b3 70. Kb1 b2 71. Ka2 Kc2 72. Ka3 0-1

[Event "Feffernitz op 28th"]
[Site "Feffernitz"]
[Date "2019.08.21"]
[Round "5"]
[White "Rabitsch, David"]
[Black "Babic, Dragan"]
[Result "0-1"]
[WhiteElo "1246"]
[BlackElo "1951"]
[PlyCount "82"]
[EventDate "2019.08.18"]
[EventType "swiss"]
[EventRounds "9"]
[EventCountry "AUT"]
[SourceTitle "EXT 2020"]
[Source "ChessBase"]
[SourceDate "2019.10.17"]
[SourceVersion "1"]
[SourceVersionDate "2019.10.17"]
[SourceQuality "1"]

1. e4 d6 2. d4 Nf6 3. Nc3 e5 4. dxe5 dxe5 5. Qxd8+ Kxd8 6. Bd3 c6 7. Nf3 Bd6 8. Bg5 Nbd7 9. Rd1 Kc7 10. Bc4 Rf8 11. 0-0 h6 12. Be3 Ng4 13. Rde1 Nxe3 14. Rxe3 a6 15. a4 Bc5 16. Re2 b5 17. axb5 axb5 18. Bb3 f6 19. Nh4 Bd4 20. Nf5 Nc5 21. Nxg7 Nxb3 22. cxb3 Bg4 23. Rd2 Rg8 24. Rc1 Bxc3 25. bxc3 Rxg7 26. Rd3 Be2 27. Re3 Ra2 28. Re1 Rd7 29. f3 Rdd2 30. Kh1 Bd1 31. Rg1 Bxb3 32. Rb1 c5 33. Ree1 c4 34. h3 Rxg2 35. Ra1 Rgc2 36. Rxa2 Bxa2 37. Ra1 Kc6 38. Kg1 Kc5 39. Kf1 h5 40. h4 Rh2 41. Ke1 Rh1+ 0-1

[Event "Styrian op U08/12 26th"]
[Site "Mureck"]
[Date "2019.08.07"]
[Round "8"]
[White "Schramml, Fabian"]
[Black "Rabitsch, David"]
[Result "1/2-1/2"]
[WhiteElo "1253"]
[BlackElo "1246"]
[PlyCount "48"]
[EventDate "2019.07.31"]
[EventType "swiss"]
[EventRounds "9"]
[EventCountry "AUT"]
[SourceTitle "EXT 2020"]
[Source "ChessBase"]
[SourceDate "2019.10.17"]
[SourceVersion "1"]
[SourceVersionDate "2019.10.17"]
[SourceQuality "1"]

1. e4 e5 2. Nf3 Nc6 3. Bb5 a6 4. Ba4 Nf6 5. d3 d6 6. c3 b5 7. Bb3 Be7 8. 0-0 0-0 9. Re1 Be6 10. d4 exd4 11. cxd4 d5 12. e5 Nd7 13. Nbd2 Re8 14. Nf1 Rf8 15. Ng3 Bg4 16. Be3 Re8 17. h3 Be6 18. Bc2 Nf8 19. a3 Ng6 20. Rb1 Rb8 21. Ra1 Ra8 22. Rb1 Rb8 23. Ra1 Ra8 24. Rb1 Rb8 1/2-1/2

[Event "AUT-ch U08"]
[Site "St Veit"]
[Date "2016.05.28"]
[Round "6.4"]
[White "Rabitsch, David"]
[Black "Burgstaller, Bastian"]
[Result "1/2-1/2"]
[WhiteElo "924"]
[BlackElo "1001"]
[PlyCount "116"]
[EventDate "2016.05.27"]
[EventType "swiss"]
[EventRounds "7"]
[EventCountry "AUT"]
[SourceTitle "EXT 2024"]
[Source "ChessBase"]
[SourceDate "2023.10.10"]
[SourceVersion "1"]
[SourceVersionDate "2023.10.10"]
[SourceQuality "1"]

1. e4 e5 2. Nf3 Nc6 3. Nc3 Be7 4. Bb5 a6 5. Bxc6 bxc6 6. Nxe5 d6 7. Nf3 Nf6 8. 0-0 0-0 9. d4 d5 10. exd5 cxd5 11. Bg5 Rb8 12. Rb1 Bg4 13. h3 Bh5 14. Re1 Re8 15. Bxf6 Bxf6 16. Rxe8+ Qxe8 17. Nxd5 Bd8 18. Qe1 Qd7 19. a3 h6 20. Nf4 Bxf3 21. gxf3 Qxd4 22. Qc1 Bg5 23. c3 Qxf4 24. Qxf4 Bxf4 25. b4 Bd6 26. Re1 Rf8 27. c4 c5 28. Rd1 Rd8 29. bxc5 Be7 30. Rxd8+ Bxd8 31. Kf1 Kf8 32. Ke2 Ke7 33. Kd3 Kd7 34. Kd4 Kc6 35. h4 Bxh4 36. f4 Bxf2+ 37. Ke5 Bxc5 38. a4 Bd6+ 39. Ke4 f6 40. f5 h5 41. c5 Kxc5 42. Kf3 Kb4 43. Kg2 Kxa4 44. Kh3 Kb5 45. Kh4 a5 46. Kxh5 a4 47. Kg6 Be5 48. Kxg7 a3 49. Kf7 a2 50. Ke6 a1Q 51. Kd5 Kb6 52. Kc4 Kb7 53. Kb5 Ka8 54. Kc6 Ka7 55. Kd7 Kb6 56. Kc8 Bd4 57. Kb8 Qc3 58. Ka8 Qc7 1/2-1/2

[Event "AUT-ch U08"]
[Site "St Veit"]
[Date "2016.05.28"]
[Round "5.1"]
[White "Rabitsch, David"]
[Black "Szigeti, Adam"]
[Result "0-1"]
[WhiteElo "924"]
[BlackElo "1023"]
[PlyCount "42"]
[EventDate "2016.05.27"]
[EventType "swiss"]
[EventRounds "7"]
[EventCountry "AUT"]
[SourceTitle "EXT 2024"]
[Source "ChessBase"]
[SourceDate "2023.10.10"]
[SourceVersion "1"]
[SourceVersionDate "2023.10.10"]
[SourceQuality "1"]

1. e4 e5 2. Nf3 Nc6 3. Nc3 Nf6 4. Bb5 a6 5. Bxc6 bxc6 6. Nxe5 Bc5 7. Nf3 0-0 8. 0-0 Re8 9. d3 d6 10. Bg5 h6 11. Bh4 Bg4 12. h3 Bh5 13. d4 Bb4 14. a3 Ba5 15. b4 Bb6 16. Re1 c5 17. bxc5 dxc5 18. Rb1 cxd4 19. Bxf6 Qxf6 20. Nd5 Qd6 21. Nxd4 Bxd1 0-1

[Event "AUT-ch U08"]
[Site "St Veit"]
[Date "2016.05.28"]
[Round "4.3"]
[White "Radnaev, Nomin"]
[Black "Rabitsch, David"]
[Result "1/2-1/2"]
[WhiteElo "961"]
[BlackElo "924"]
[PlyCount "121"]
[EventDate "2016.05.27"]
[EventType "swiss"]
[EventRounds "7"]
[EventCountry "AUT"]
[SourceTitle "EXT 2024"]
[Source "ChessBase"]
[SourceDate "2023.10.10"]
[SourceVersion "1"]
[SourceVersionDate "2023.10.10"]
[SourceQuality "1"]

1. e4 e6 2. d4 d5 3. Nc3 Nf6 4. Bg5 Be7 5. Bxf6 Bxf6 6. Nf3 0-0 7. Bd3 Nc6 8. e5 Be7 9. Qe2 Bd7 10. 0-0-0 Nb4 11. h4 Nxd3+ 12. Qxd3 a6 13. Kb1 b5 14. Ng5 g6 15. Nf3 c5 16. h5 c4 17. Qe3 g5 18. Nh2 b4 19. Ne2 Ba4 20. h6 Rb8 21. b3 Bc6 22. Qg3 a5 23. Nf3 a4 24. Nxg5 Bxg5 25. f4 Kh8 26. Qxg5 Qxg5 27. fxg5 Rg8 28. Rhf1 Rbf8 29. bxa4 Bxa4 30. Rf2 b3 31. axb3 cxb3 32. cxb3 Bxb3 33. Rdf1 Bc4 34. Rh1 Rxg5 35. Nf4 Rb8+ 36. Rb2 Rxb2+ 37. Kxb2 Rg4 38. Ra1 Bb5 39. Kb1 Bc6 40. Ra6 Bb7 41. Ra7 Bc6 42. Rxf7 Kg8 43. Rf6 Bd7 44. Nxe6 Bxe6 45. Rxe6 Rxg2 46. Rd6 Rg1+ 47. Kb2 Rg2+ 48. Kb3 Rg3+ 49. Kb4 Rh3 50. Rxd5 Rxh6 51. Rd6 Rxd6 52. exd6 Kf7 53. Kc5 Ke8 54. Kc6 Kd8 55. d7 h5 56. Kd5 Kxd7 57. Ke4 Ke6 58. d5+ Kd6 59. Kf4 Kxd5 60. Kg5 Ke6 61. Kxh5 1/2-1/2

[Event "AUT-ch U08"]
[Site "St Veit"]
[Date "2016.05.27"]
[Round "2.6"]
[White "Plankensteiner, Yanik"]
[Black "Rabitsch, David"]
[Result "0-1"]
[WhiteElo "800"]
[BlackElo "924"]
[PlyCount "48"]
[EventDate "2016.05.27"]
[EventType "swiss"]
[EventRounds "7"]
[EventCountry "AUT"]
[SourceTitle "EXT 2024"]
[Source "ChessBase"]
[SourceDate "2023.10.10"]
[SourceVersion "1"]
[SourceVersionDate "2023.10.10"]
[SourceQuality "1"]

1. e4 e6 2. Nf3 d5 3. Bb5+ c6 4. Ba4 Nd7 5. 0-0 Ngf6 6. Nc3 Bb4 7. a3 Bxc3 8. bxc3 b6 9. d3 c5 10. exd5 exd5 11. Qe1+ Qe7 12. Qd1 0-0 13. Ng5 h6 14. Nf3 Ba6 15. Re1 Qd6 16. h3 Rfe8 17. Rf1 Qc7 18. Nd2 c4 19. dxc4 dxc4 20. Nf3 b5 21. Re1 bxa4 22. Rxe8+ Rxe8 23. Nd4 Qd6 24. Nf5 Qxd1+ 0-1